000 00387nam a2200157Ia 4500
001 7683
003 GE_BSU
008 181216s||||||||xx |||||||||||||| ||und||
040 _cGE_BSU
245 _aParis Match. №3348. du 18 au 24 juillet 2013.
260 _aParis.
260 _c2013.
300 _a110p; 29cm.
653 _aParis Match. №3348. du 18 au 24 juillet 2013.
942 _cCR
999 _c41034
_d41034